[Event "Benidorm op U2000 16th"]
[Site "Benidorm"]
[Date "2017.12.01"]
[Round "1"]
[White "Nilsson, Weine"]
[Black "Gajic, Bozur"]
[Result "1/2-1/2"]
[WhiteElo "1983"]
[BlackElo "1721"]
[PlyCount "75"]
[EventDate "2017.12.01"]
[EventType "swiss"]
[EventRounds "10"]
[EventCountry "ESP"]
[SourceTitle "EXT 2019"]
[Source "ChessBase"]
[SourceDate "2018.10.10"]
[SourceVersion "1"]
[SourceVersionDate "2018.10.10"]
[SourceQuality "1"]

1. e4 c5 2. Nf3 e6 3. d4 cxd4 4. Nxd4 a6 5. Bd3 Qc7 6. 0-0 Nc6 7. Nxc6 dxc6 8. Be3 b5 9. Nd2 Bb7 10. c4 b4 11. c5 Rd8 12. Qe2 a5 13. Nc4 Nf6 14. Rac1 Nd7 15. Nd2 Ne5 16. Bb1 Qc8 17. b3 Ba6 18. Nc4 Nxc4 19. bxc4 Be7 20. Qg4 g6 21. h4 e5 22. Qe2 Bxh4 23. f4 0-0 24. f5 f6 25. Qg4 Bg5 26. Bxg5 fxg5 27. Qxg5 Qc7 28. Rf3 Qf7 29. Qg3 Rfe8 30. Qf2 g5 31. Qe3 Qf6 32. Rg3 h6 33. Rh3 Kg7 34. Bd3 Rd4 35. Be2 Red8 36. Kf2 a4 37. Rch1 Rh8 38. Rc1 1/2-1/2

[Event "SRB Central-ch op-B 7th"]
[Site "Paracin"]
[Date "2014.07.04"]
[Round "1"]
[White "Nikolovski, Nikola"]
[Black "Gajic, Bozur"]
[Result "1-0"]
[WhiteElo "2017"]
[BlackElo "1695"]
[PlyCount "61"]
[EventDate "2014.07.04"]
[EventType "swiss"]
[EventRounds "9"]
[EventCountry "SRB"]
[SourceTitle "CBM 161 Extra"]
[Source "ChessBase"]
[SourceDate "2014.08.29"]
[SourceVersion "1"]
[SourceVersionDate "2014.08.29"]
[SourceQuality "1"]

1. e4 c5 2. Nc3 e6 3. f4 a6 4. Nf3 Nc6 5. d3 Qc7 6. g3 b5 7. Bg2 Bb7 8. 0-0 d6 9. Bd2 Nge7 10. h3 g6 11. Ne2 Bg7 12. c3 0-0 13. g4 f5 14. Ng3 Kh8 15. Qe2 Rae8 16. Ng5 Bc8 17. Rae1 h6 18. Nf3 d5 19. Nh4 Bf6 20. Nf3 Bg7 21. gxf5 gxf5 22. Nh4 Rg8 23. Qh5 dxe4 24. dxe4 Bf8 25. Qxe8 Qd6 26. Be3 Qd3 27. Kf2 e5 28. exf5 exf4 29. Bxf4 Bd7 30. Qf7 c4 31. Be4 1-0

[Event "Gibraltar Challengers-B 12th"]
[Site "Caleta"]
[Date "2014.02.03"]
[Round "3"]
[White "Gajic, Bozur"]
[Black "Pabalan, Rocky"]
[Result "0-1"]
[WhiteElo "1698"]
[BlackElo "2103"]
[PlyCount "83"]
[EventDate "2014.02.01"]
[EventType "swiss"]
[EventRounds "5"]
[EventCountry "GGB"]
[SourceTitle "CBM 158 Extra"]
[Source "ChessBase"]
[SourceDate "2014.02.28"]
[SourceVersion "1"]
[SourceVersionDate "2014.02.28"]
[SourceQuality "1"]

1. e4 c5 2. Nf3 g6 3. d4 cxd4 4. Nxd4 Nc6 5. Nc3 Bg7 6. Be3 Nf6 7. Be2 0-0 8. 0-0 d6 9. Qd2 Bd7 10. f3 Re8 11. Rad1 Qb8 12. Nd5 Nxd5 13. exd5 Bxd4 14. Bxd4 Nxd4 15. Qxd4 b5 16. c3 a5 17. a3 b4 18. h4 bxa3 19. bxa3 Qb2 20. Bd3 Rac8 21. Rc1 Qxa3 22. Kh2 Qc5 23. Qf4 Qxd5 24. Be4 Qe5 25. Qxe5 dxe5 26. Rfd1 Be6 27. Ra1 Rc5 28. Ra3 f5 29. Bb7 Rb8 30. Ba6 Rb6 31. Be2 Rb7 32. Ba6 Rb6 33. Be2 Rb2 34. Ba6 Rb3 35. Rda1 Rxa3 36. Rxa3 Kf7 37. Kg3 Kf6 38. Kf2 Bd5 39. g3 e4 40. f4 Bc4 41. Bxc4 Rxc4 42. Ke3 0-1

[Event "Gibraltar Challengers-B 12th"]
[Site "Caleta"]
[Date "2014.02.01"]
[Round "1"]
[White "Gajic, Bozur"]
[Black "Bhopal, Raj"]
[Result "1-0"]
[WhiteElo "1698"]
[BlackElo "2093"]
[PlyCount "92"]
[EventDate "2014.02.01"]
[EventType "swiss"]
[EventRounds "5"]
[EventCountry "GGB"]
[SourceTitle "CBM 158 Extra"]
[Source "ChessBase"]
[SourceDate "2014.02.28"]
[SourceVersion "1"]
[SourceVersionDate "2014.02.28"]
[SourceQuality "1"]

1. b3 e5 2. Bb2 Nc6 3. e3 d5 4. d3 Nf6 5. Nd2 a5 6. a4 Bd6 7. Be2 Qe7 8. e4 dxe4 9. dxe4 Bb4 10. c3 Bc5 11. Ngf3 Be6 12. 0-0 0-0 13. Qc2 Rad8 14. Nc4 Ng4 15. h3 Nf6 16. Bc1 Nd7 17. Ng5 Nb6 18. Nxe6 fxe6 19. Be3 Bxe3 20. Nxe3 Rf6 21. Nc4 Qc5 22. Nxb6 Nd4 23. Qb2 Nxe2+ 24. Qxe2 Qxb6 25. Rab1 Rdf8 26. Qb5 Rxf2 27. Qxb6 Rxf1+ 28. Rxf1 cxb6 29. Rd1 Rc8 30. c4 Kf7 31. Rd7+ Kf6 32. Kf2 b5 33. axb5 a4 34. bxa4 Rxc4 35. Rxb7 Rxa4 36. b6 Rb4 37. Rb8 h6 38. Kf3 Kf7 39. Ke3 Rb1 40. Kd3 Rb4 41. Kc3 Rb1 42. Kc4 Rc1+ 43. Kb5 Rb1+ 44. Kc5 Rc1+ 45. Kd6 Rb1 46. Kxe5 Rb4 1-0